| 000 | 02285nam a2200613 a 4500 | ||
|---|---|---|---|
| 001 | 22365 | ||
| 003 | VRT | ||
| 005 | 20260326153934.0 | ||
| 008 | 240314s2009 xo o g 001 0 slo | ||
| 015 | _aSNBA2010/04-01951 | ||
| 020 |
_a9788080970314 _q(viaz.) |
||
| 035 | _aurn:nbn:sk:snk-am00cmz0 | ||
| 035 | _aurn:nbn:sk:snk-am3h7v4 | ||
| 035 | _aF3BC00E0-733B-453C-97B9-EC98E6D896E3 | ||
| 039 | 9 |
_a202403141553 _bVLOAD _c202202271353 _dAUTHORITY _c201905311155 _dAUTHORITY _c201811301408 _dVLOAD |
|
| 040 |
_aSNK _bslo _cSNK _eAACR2 |
||
| 041 | 1 |
_aslo _heng |
|
| 044 |
_axo _cSK |
||
| 072 | 7 |
_a613 _xHygiena. Ľudské zdravie _2konspekt |
|
| 080 |
_a612.67 _22001 |
||
| 080 |
_a613 _22001 |
||
| 080 |
_a613.72 _22001 |
||
| 080 |
_a612.68 _22001 |
||
| 080 |
_a(0.062) _22001 |
||
| 100 | 1 |
_aHarrar, Sarí _4aut |
|
| 240 | 1 | 0 |
_aLong life prescription _lSlovensky |
| 245 | 1 | 0 |
_aNikdy nie je neskoro na dlhý život _bzaložené na viac ako 500 klinických štúdiách : rýchle a jednoduché spôsoby, ako si v každom veku udržať zdravie a energiu _c[Sarí Harrar, Debra Gordon ; fotografie: Jill Wachter ; z anglického originálu preložila Miriam Ghaniová] |
| 250 | _a1. vyd. | ||
| 260 |
_aBratislava _bReader's Digest Výber _c2009 |
||
| 300 |
_a400 s. _bfareb. fotogr. _c26 cm |
||
| 504 | _aReg. | ||
| 650 | 0 | 7 |
_astarnutie _2SNKPH |
| 650 | 0 | 7 |
_astarostlivosť o zdravie _2SNKPH |
| 650 | 0 | 7 |
_azdravý životný štýl _2SNKPH |
| 650 | 0 | 7 |
_atelesné cvičenia _2SNKPH |
| 650 | 0 | 7 |
_aprevencia ochorení _2SNKPH |
| 650 | 0 | 7 |
_aAging _2SNKPHeng |
| 650 | 0 | 7 |
_aHealth care _2SNKPHeng |
| 650 | 0 | 7 |
_aHealthy lifestyle _2SNKPHeng |
| 650 | 0 | 7 |
_aExercises _2SNKPHeng |
| 650 | 0 | 7 |
_aPrevention of diseases _2SNKPHeng |
| 655 | 7 |
_apopulárno-náučné publikácie _2SNKPH |
|
| 655 | 7 |
_aPopular works _2SNKPHeng |
|
| 700 | 1 |
_aGordon, Debra L., _d1962- _4aut |
|
| 700 | 1 |
_aWachter, Jill _4pht |
|
| 700 | 1 |
_aGhaniová, Miriam _4trl |
|
| 942 |
_2ddc _cKLDO _n0 |
||
| 949 |
_617A0637669 _asnkSB 78655 _bsnk2009/21659 _o2543/09 _s6100:20160606 |
||
| 949 |
_6273K0511358 _asvkpoC 50195 _bsvkpo520147 |
||
| 949 |
_617A0637670 _asnkSB 78655 D1 _bsnk2009/21660 _o2543/09 _pDigitalizovaný |
||
| 949 |
_6270001000339885 _asvkbbC 52986 _bsvkbbm 704649 |
||
| 980 | _a612.67/.68 | ||
| 980 | _a613 | ||
| 999 |
_c22365 _d22365 |
||